Turecko do EÚ ?

Otázka vstupu Turecka do EÚ. Dôvody pre a proti. Náboženské predsudky. Nevyhnutnosť politiky jedného metra pri vstupe Turecka do EÚ.

Enregistré dans:
Détails bibliographiques
Auteur principal: Weiss, Peter
Format: Chapitre de livre
Langue:slovaque
Sujets:
Tags: Ajouter un tag
Pas de tags, Soyez le premier à ajouter un tag!

MARC

LEADER 00000naa$a2200000$$$4500
001 0038527
005 20240502071500.4
041 0 |a slo 
044 |a SK 
245 1 0 |a Turecko do EÚ ?  |c Peter Weiss 
520 |a Otázka vstupu Turecka do EÚ. Dôvody pre a proti. Náboženské predsudky. Nevyhnutnosť politiky jedného metra pri vstupe Turecka do EÚ. 
610 2 0 |a Turecko 
610 2 0 |a Európska únia 
610 2 0 |a integrácia 
100 1 |a Weiss, Peter